Differential equations with symbolic computation / (Record no. 30026)
[ view plain ]
| 000 -LEADER | |
|---|---|
| fixed length control field | 00689 a2200205 4500 |
| 020 ## - INTERNATIONAL STANDARD BOOK NUMBER | |
| International Standard Book Number | 3764373687 |
| 020 ## - INTERNATIONAL STANDARD BOOK NUMBER | |
| International Standard Book Number | 9783764373689 |
| 082 04 - DEWEY DECIMAL CLASSIFICATION NUMBER | |
| Classification number | 515.35 |
| 090 ## - LOCALLY ASSIGNED LC-TYPE CALL NUMBER (OCLC); LOCAL CALL NUMBER (RLIN) | |
| -- | 1414 |
| -- | 1414 |
| 100 ## - MAIN ENTRY--PERSONAL NAME | |
| Personal name | Wang, Dongming. |
| 245 10 - TITLE STATEMENT | |
| Title | Differential equations with symbolic computation / |
| Statement of responsibility, etc. | Dongming Wang, Zhiming Zheng. |
| 260 ## - PUBLICATION, DISTRIBUTION, ETC. | |
| Place of publication, distribution, etc. | [S.l.] : |
| Name of publisher, distributor, etc. | Birkh�user Basel, |
| Date of publication, distribution, etc. | 2005. |
| 300 ## - PHYSICAL DESCRIPTION | |
| Extent | 374 p. ; |
| Dimensions | 24 cm. |
| 490 1# - SERIES STATEMENT | |
| Series statement | Trends in mathematics. |
| 700 1# - ADDED ENTRY--PERSONAL NAME | |
| Personal name | Wang, Dongming. |
| 700 1# - ADDED ENTRY--PERSONAL NAME | |
| Personal name | Zheng, Zhiming. |
| 830 #0 - SERIES ADDED ENTRY--UNIFORM TITLE | |
| Uniform title | Trends in mathematics. |
| 942 ## - ADDED ENTRY ELEMENTS (KOHA) | |
| Institution code [OBSOLETE] | SNS |
| Koha item type | Book |
| Call number prefix | 515.35 WAG |
| Withdrawn status | Lost status | Damaged status | Not for loan | Permanent Location | Current Location | Date acquired | Total Checkouts | Full call number | Barcode | Date last seen | Price effective from | Koha item type |
|---|---|---|---|---|---|---|---|---|---|---|---|---|
| School of Natural Sciences (SNS) | School of Natural Sciences (SNS) | 05/26/2016 | 515.35 WAG | SNS0000574 | 05/26/2016 | 05/26/2016 | Book |
